Steam. Its generation and use

Na minha lista:
Detalhes bibliográficos
Autor Corporativo: The Babcock and Wilcox Company (Autor)
Formato: Livro
Idioma:inglês
Publicado em: Barberton J B Kitto and S C Stultz 2005
Edição:41a. ed
Assuntos:
Tags: Adicionar Tag
Sem tags, seja o primeiro a adicionar uma tag!

MARC

LEADER 00000nam a2200000 a 4500
001 UCI3044
003 CL-VaPUC
008 071012e20050000us |||||||||||||||||eng|d
020 |a 0963457012 
082 0 4 |a 621.1  |b THE  |2 21 
110 2 |a The Babcock and Wilcox Company  |e author  |9 524382 
245 1 0 |a Steam. Its generation and use 
250 |a 41a. ed 
300 |a pág. irreg 
942 |c BK 
945 |d 20071012 00:00:00  |a rbrito 
260 |a Barberton  |b J B Kitto and S C Stultz  |c 2005 
500 |a Incluye CD 
650 0 |a Calderas de vapor  |9 260645 
650 0 |a Vapores  |9 503602 
650 0 |a Gases  |9 260945 
650 0 |a Combustibles  |9 271720 
650 0 |a Vaporización  |9 360887 
650 0 |a Energía nuclear   |9 255228 
650 0 |a Termodinámica   |9 259320 
650 0 |a Dinámica de fluidos  |9 260582 
583 |a last modification  |c 20171218 12:20:54  |k Rodrigo Vera 
999 |c 327439  |d 327437 
952 |0 0  |1 0  |4 0  |6 621_100000000000000_THE_2005  |7 0  |8 F  |9 410267  |a BIBMEC  |b BIBMEC  |d 2019-11-22  |i 437942K  |o 621.1 THE 2005  |p 437942K  |r 2019-11-22  |w 2019-11-22  |y BK_F  |k MEC